00284nam a2200121Ia 4500008004100000041000900041082001800050100002200068245003000090260002600120300000800146650000800154230718s9999 xx 000 0 und d aEng. a343.54bAWA-A aAwan,Tariq Ambrin 0aal hand book for officers aPakistanbideasc2000 a264 aLaw